000
00204 a2200097 4500
001
10089
100
_a
Brennan, D G.
245
_a
Arms control & disarmament
260
_a
_b
Cape
_c
090
_c
7842
_d
7842
942
_a
NUST-CAE
_c
M
_c
34536
999
_c
245162
_d
245162